Teaching apprentices (Record no. 243982)

000 -LEADER
fixed length control field 00224 a2200109 4500
001 - CONTROL NUMBER
control field 8909
082 ## - DEWEY DECIMAL CLASSIFICATION NUMBER
Classification number 370.7 AND
090 ## - LOCALLY ASSIGNED LC-TYPE CALL NUMBER (OCLC); LOCAL CALL NUMBER (RLIN)
-- 7098
-- 7098
100 ## - MAIN ENTRY--PERSONAL NAME
Personal name Anderson M H
245 ## - TITLE STATEMENT
Title Teaching apprentices
Medium English
260 ## - PUBLICATION, DISTRIBUTION, ETC.
Name of publisher, distributor, etc. A T S
Place of publication, distribution, etc. 1949
942 ## - ADDED ENTRY ELEMENTS (KOHA)
Institution code [OBSOLETE] NUST-CAE
Holdings
Withdrawn status Lost status Damaged status Not for loan Collection code Permanent Location Current Location Date acquired Total Checkouts Barcode Date last seen Price effective from Koha item type
          College of Aeronautical Engineering (CAE) College of Aeronautical Engineering (CAE) 04/03/2017   CAE8487 04/05/2017 04/05/2017 Book
© 2023 Central Library, National University of Sciences and Technology. All Rights Reserved.